Central Library OPAC University of Rajshahi
Normal view MARC view

Entry Topical Term

Number of records used in: 10

001 - CONTROL NUMBER

  • control field: 16947

003 - CONTROL NUMBER IDENTIFIER

  • control field: BD-RjUL

005 - DATE AND TIME OF LATEST TRANSACTION

  • control field: 20250925123357.0

008 - FIXED-LENGTH DATA ELEMENTS

  • fixed length control field: 250925|| aca||aabn | a|a d

040 ## - CATALOGING SOURCE

  • Original cataloging agency: BD-RjUL
  • Transcribing agency: BD-RjUL

150 ## - HEADING--TOPICAL TERM

  • Topical term or geographic name entry element: Public health
  • Geographic subdivision: Developing countries

670 ## - SOURCE DATA FOUND

  • Source citation: Work cat.: (BD-RjUL)85749: Getting health reform right :, 2004.